What is a structure? (Record no. 65602)
[ view plain ]
| 000 -LEADER | |
|---|---|
| fixed length control field | 01236cam a2200217 4500 |
| 001 - CONTROL NUMBER | |
| control field | ABS63251 |
| 008 - FIXED-LENGTH DATA ELEMENTS--GENERAL INFORMATION | |
| fixed length control field | 000000n2000 000 0 eng u |
| 035 ## - SYSTEM CONTROL NUMBER | |
| System control number | (Sirsi) u109988 |
| 100 ## - MAIN ENTRY--PERSONAL NAME | |
| Personal name | Jessop, D |
| 245 ## - TITLE STATEMENT | |
| Title | What is a structure? |
| 260 ## - PUBLICATION, DISTRIBUTION, ETC. | |
| Date of publication, distribution, etc. | 2000 |
| 490 ## - SERIES STATEMENT | |
| Series statement | Structural Survey |
| Volume/sequential designation | 18(5) December 2000, 205-207(3) |
| 520 ## - SUMMARY, ETC. | |
| Summary, etc. | Considers the meaning of 'structure' within the Party Wall, etc Act 1996. Notes that a literal meaning might include all man-made objects in the built environment. Argues, however, that such an interpretation might be subject to a qualifying limitation on the basis of the golden rule of statutory interpretation and the presumption against depriving an individual of his rights. Suggests, on this basis, that only significant objects which are sufficiently proximate to the building operations to involve some real invasion of an adjoining owner's rights should be included within the definition. Notes that this leaves considerable scope for discretion to be exercised by surveyors. Journal abstract. |
| 590 ## - LOCAL NOTE (RLIN) | |
| Local note | ABS |
| 650 ## - SUBJECT ADDED ENTRY--TOPICAL TERM | |
| Topical term or geographic name entry element | PARTY WALL ETC ACT 1996 |
| 650 ## - SUBJECT ADDED ENTRY--TOPICAL TERM | |
| Topical term or geographic name entry element | Party walls |
| 9 (RLIN) | 6258 |
| 650 ## - SUBJECT ADDED ENTRY--TOPICAL TERM | |
| Topical term or geographic name entry element | STRUCTURE |
| 650 ## - SUBJECT ADDED ENTRY--TOPICAL TERM | |
| Topical term or geographic name entry element | DEFINITION |
| 690 ## - LOCAL SUBJECT ADDED ENTRY--TOPICAL TERM (OCLC, RLIN) | |
| Topical term or geographic name as entry element | Boundary disputes |
| 9 (RLIN) | 6221 |
| 942 ## - ADDED ENTRY ELEMENTS (KOHA) | |
| Suppress in OPAC | 0 |
| Withdrawn status | Lost status | Source of classification or shelving scheme | Damaged status | Not for loan | Home library | Current library | Shelving location | Date acquired | Total Checkouts | Full call number | Barcode | Date last seen | Copy number | Price effective from | Koha item type |
|---|---|---|---|---|---|---|---|---|---|---|---|---|---|---|---|
| Dewey Decimal Classification | London | London | Journal article | 15/12/2000 | ABS63251 | 109988-1001 | 06/08/2019 | 1 | 06/08/2019 | Journal article |